000 00593nam a2200193Ia 4500
005 20250423101123.0
008 250422s9999 xx 000 0 und d
020 _a9780323482189
050 _aQR 67 .M34/
100 _a Mahon, R. Connie
245 0 _aTextbook of diagnostic microbiology
250 _a6th ed.
260 _aSt. Louis, Missouri
260 _bElsevier Saunders
260 _c2019
300 _a1072 p
650 _aMicrobiological Techniques Communicable Diseases--diagnosis Bacterial Infections--diagnosis Virus Diseases--diagnosis Mycoses--diagnosis
942 _cBK
999 _c35350
_d35350